Taylor Swift mystery lyrics #122 - Statistics

General Stats
  • This quiz has been taken 53 times
  • The average score is 99 of 170
Answer Stats
Answer % Correct
a
100%
I
100%
you
100%
the
97%
And
95%
in
90%
your
90%
to
87%
of
85%
Just
77%
just
77%
not
72%
but
69%
now
69%
can't
67%
what
67%
With
67%
did
64%
one
64%
you've
59%
down
56%
up
56%
out
54%
she's
51%
some
51%
think
51%
about
46%
epiphany
46%
things
46%
fall
44%
make
44%
dream
41%
hand
41%
he's
41%
life
41%
Only
38%
seen
38%
single
38%
speak
38%
crashing
36%
Doc
36%
helmet
36%
Keep
36%
keep
36%
relief
36%
Something
36%
20
33%
breathe
33%
daughter
33%
glimpse
33%
minutes
33%
mother
33%
school
33%
sleep
33%
Someone's
33%
someone's
33%
son
33%
through
33%
breathing
31%
cover
31%
flesh
31%
here's
31%
med
31%
plastic
31%
sense
31%
Watch
31%
wound
31%
beaches
28%
bleeding
28%
Crawling
28%
serve
28%
Sir
28%
holds
26%
rifle
26%
No matching quizzes found
Score Distribution
Percent of People with Each Score
Percentile by Number Answered
Your Score History
You have not taken this quiz